[Event "Kolomna-ch 67th"]
[Site "Kolomna"]
[Date "2017.01.04"]
[Round "4"]
[White "Beskov, Vladimir Alekseevic"]
[Black "Aleksashin, Vladimir"]
[Result "1-0"]
[WhiteElo "1903"]
[BlackElo "1411"]
[PlyCount "87"]
[EventDate "2016.12.24"]
[EventType "swiss"]
[EventRounds "10"]
[EventCountry "RUS"]
[SourceTitle "EXT 2019"]
[Source "ChessBase"]
[SourceDate "2018.10.10"]
[SourceVersion "1"]
[SourceVersionDate "2018.10.10"]
[SourceQuality "1"]

1. d4 Nf6 2. Nf3 e6 3. Bg5 Be7 4. Nbd2 d5 5. e3 c6 6. Bd3 0-0 7. Qe2 Nbd7 8. h3 Re8 9. g4 c5 10. c3 cxd4 11. exd4 Bd6 12. Ne5 Qc7 13. f4 h6 14. Bh4 Nh7 15. 0-0 f6 16. Ng6 e5 17. fxe5 fxe5 18. Qf3 Nhf6 19. dxe5 Nxe5 20. Nxe5 Bxe5 21. Bg6 Rd8 22. Nb3 b6 23. Rad1 Bb7 24. Nd4 Bxd4+ 25. Rxd4 Rf8 26. Bg3 Qd7 27. Bf5 Qf7 28. Bd6 Rfd8 29. Ba3 Bc8 30. Bc2 b5 31. Qd3 Be6 32. Qxb5 Qd7 33. Qd3 Ne4 34. Qf3 Qf7 35. Qg2 Nf6 36. h4 Qd7 37. g5 Bh3 38. Qg3 Nh5 39. Qf3 Bxf1 40. Qxf1 Ng3 41. Qd1 Nf5 42. Rxd5 Qc7 43. Bxf5 Qb7 44. Rxd8+ 1-0

[Event "Kolomna-ch 67th"]
[Site "Kolomna"]
[Date "2017.01.03"]
[Round "3"]
[White "Aleksashin, Vladimir"]
[Black "Ezhov, Aleksey"]
[Result "1-0"]
[WhiteElo "1411"]
[BlackElo "1816"]
[PlyCount "77"]
[EventDate "2016.12.24"]
[EventType "swiss"]
[EventRounds "10"]
[EventCountry "RUS"]
[SourceTitle "EXT 2019"]
[Source "ChessBase"]
[SourceDate "2018.10.10"]
[SourceVersion "1"]
[SourceVersionDate "2018.10.10"]
[SourceQuality "1"]

1. d4 Nf6 2. c4 e5 3. dxe5 Ng4 4. Nf3 Nc6 5. Bg5 Be7 6. Bf4 Bc5 7. e3 f6 8. exf6 Qxf6 9. Be2 Nxf2 10. Kxf2 Qxf4 11. Qd2 Ne5 12. h3 a5 13. g3 Qf7 14. Kg2 Ng6 15. Rf1 Qe7 16. e4 d6 17. Nc3 c6 18. Ng5 Ne5 19. Nf3 Nf7 20. Bd3 0-0 21. Rae1 Be6 22. a3 Qd7 23. Rh1 Rad8 24. Ne2 Ne5 25. Ref1 Nxc4 26. Bxc4 Bxc4 27. Rc1 Bxe2 28. Qxe2 Qe7 29. Rhf1 Rc8 30. Rce1 Rf6 31. b4 axb4 32. axb4 Bb6 33. Qc4+ Qe6 34. Qc2 h6 35. e5 Rff8 36. exd6 Qxd6 37. Qc4+ Kh8 38. Qg4 Qd5 39. h4 1-0